00484nam a2200157 a 450000500170000000800410001702000180005805000290007610000160010524500810012126000500020230000210025265000130027365000220028670000180030820140310183514.0110105s19uu xx 00 eng d a9780763752804 aRC 553.A88 b.Ol455 2010 aOller, John aAutism :bthe diagnosis , treatment, & etiology of the undeniable epidemic / aBoston :bJones and Bartlett Pub.,iNC,c2010. a456 p. :c25 cm. aAutisim. aAutism-Treatment. aStephen Oller